| 000 | 01100nam a22003257a 4500 | ||
|---|---|---|---|
| 003 | OSt | ||
| 005 | 20211122030323.0 | ||
| 008 | 160427b xxu||||| |||| 00| 0 eng d | ||
| 010 | _a 95237124 | ||
| 020 | _a0393038971 | ||
| 020 | _a039331409X (pbk.) | ||
| 035 | _a(OCoLC)33151795 | ||
| 040 |
_aMMU _cMMU _dMMU _dMMU _dMMU _dMMU _beng |
||
| 042 | _alccopycat | ||
| 050 | 0 | 0 |
_aTX360.C6 _bB76 1995 |
| 072 | 0 | _aE100 | |
| 100 | 1 |
_aBrown, Lester R. _q(Lester Russell), _d1934- |
|
| 245 | 1 | 0 |
_aWho will feed China? : _bwake-up call for a small planet / _cLester R. Brown. |
| 250 | _a1st ed. | ||
| 260 |
_aNew York : _bW.W. Norton & Co., _cc1995. |
||
| 300 |
_a163 p. : _bill. ; _c21 cm. |
||
| 440 | 4 | _aThe worldwatch environmental alert series | |
| 504 | _aIncludes bibliographical references (p. [143]-157) and index. | ||
| 650 | 0 |
_aFood supply _zChina. |
|
| 650 | 0 | _aFood supply. | |
| 650 | 0 |
_aAgriculture and state _zChina. |
|
| 906 |
_a7 _bcbc _ccopycat _d2 _encip _f19 _gy-gencatlg |
||
| 942 |
_2lcc _cLOAN LOAN |
||
| 999 |
_c17108 _d17108 |
||